Sociologie a psychologie práce

Gespeichert in:
Bibliographische Detailangaben
1. Verfasser: Tomšík, Miloslav
Körperschaft: Vysoká škola ekonomická v Praze. Fakulta řízení
Weitere Verfasser: Bedrnová, Eva
Format: Buch
Sprache:Tschechisch
Veröffentlicht: Praha Státní nakladatelství technické literatury 1989
Ausgabe:1. vyd.
Tags: Tag hinzufügen
Keine Tags, Fügen Sie das erste Tag hinzu!

MARC

LEADER 00000nam a2200000 4500
001 c035232
005 20220906082614.4
041 0 |a cze 
044 |a CZ 
245 1 0 |a Sociologie a psychologie práce  |c Miloslav Tomšík, Eva Bedrnová 
250 |a 1. vyd. 
264 1 |a Praha  |b Státní nakladatelství technické literatury  |c 1989 
300 |a 284 s. 
100 1 |a Tomšík, Miloslav 
700 1 |a Bedrnová, Eva 
710 2 |a Vysoká škola ekonomická v Praze. Fakulta řízení